LIBRARY & INFORMATION CENTRE, KCAET, TAVANUR

ONLINE PUBLIC ACCESS CATALOGUE (OPAC)

Groundwater residue sampling design / (Record no. 10383)

MARC details
000 -LEADER
fixed length control field 00416cam a2200157ua 4500
041 ## - LANGUAGE CODE
Language code of text/sound track or separate title eng
082 ## - DEWEY DECIMAL CLASSIFICATION NUMBER
Classification number 551.49
Item number NAS/GR
100 ## - MAIN ENTRY--AUTHOR NAME
Personal name Nash, Ralph G .
245 ## - TITLE STATEMENT
Title Groundwater residue sampling design /
260 ## - PUBLICATION, DISTRIBUTION, ETC. (IMPRINT)
Place of publication Washington D C :
Name of publisher American chemical society ,
Year of publication 1991.
300 ## - PHYSICAL DESCRIPTION
Number of Pages 395 ; .
500 ## - GENERAL NOTE
General note **Reference
942 ## - ADDED ENTRY ELEMENTS (KOHA)
Koha item type Books
Holdings
Withdrawn status Lost status Damaged status Home library Current library Date acquired Full call number Accession Number Koha item type
      KAUAET KAUAET 07/04/2012 551.49 20346 Reference
free website counter